al-Fallāḥ / (Record no. 50721)
[ view plain ]
| 000 -LEADER | |
|---|---|
| fixed length control field | 00555cam a22001931a 4500 |
| 001 - CONTROL NUMBER | |
| control field | ne 68003226 |
| 003 - CONTROL NUMBER IDENTIFIER | |
| control field | DLC |
| 005 - DATE AND TIME OF LATEST TRANSACTION | |
| control field | 20260227111846.0 |
| 008 - FIXED-LENGTH DATA ELEMENTS--GENERAL INFORMATION | |
| fixed length control field | 860519s1968 xx 000 1 ara |
| 010 ## - LIBRARY OF CONGRESS CONTROL NUMBER | |
| LC control number | ne 68003226 |
| 035 ## - SYSTEM CONTROL NUMBER | |
| System control number | (OCoLC)13588125 |
| 040 ## - CATALOGING SOURCE | |
| Original cataloging agency | DLC |
| Transcribing agency | CLU |
| Modifying agency | CLU |
| -- | MiU |
| -- | OU |
| -- | DLC |
| 042 ## - AUTHENTICATION CODE | |
| Authentication code | premarc |
| 050 00 - LIBRARY OF CONGRESS CALL NUMBER | |
| Classification number | PJ7862.H27 |
| Item number | F27 |
| 100 1# - MAIN ENTRY--PERSONAL NAME | |
| Personal name | Sharqāwī, ʻAbd al-Raḥmān, |
| Dates associated with a name | 1920-1987. |
| 245 13 - TITLE STATEMENT | |
| Title | al-Fallāḥ / |
| Statement of responsibility, etc. | ʻAbd al-Raḥmān al-Sharqāwī. |
| 260 ## - PUBLICATION, DISTRIBUTION, ETC. | |
| Place of publication, distribution, etc. | al-Qāhirah : |
| Name of publisher, distributor, etc. | ʻĀlam al-kutub, |
| Date of publication, distribution, etc. | [1968] |
| 300 ## - PHYSICAL DESCRIPTION | |
| Extent | 297 p. ; |
| Other physical details | 20 cm. |
No items available.